000 00374nam a22001337a 4500
005 20251111163429.0
008 251111b |||||||| |||| 00| 0 eng d
050 _aTK5102.7
_b.K15
100 _aKatiyar, Sapna
245 _aAdvanced Communication System
_cSapna Katiyar
260 _aNew Delhi
_bS. K. Kataria & Sons
_c2011
300 _a444p.
_bill.
_c24cm
942 _2lcc
_cBK
_n0
999 _c8221
_d8221